LEADER 00955nam0-2200349---450- 001 990000877580403321 005 20061124131132.0 010 $a0-471-08679-7 035 $a000087758 035 $aFED01000087758 035 $a(Aleph)000087758FED01 035 $a000087758 100 $a20020821d1960----km-y0itay50------ba 101 0 $aeng 102 $aUS 105 $ay-------001yy 200 1 $aTheory of thermal stresses$fBruno A. Boley, Jerome H. Weiner 210 $aNew York [etc.]$cJohn Wiley & Sons$dc1960 215 $aXV, 586 p.$d24 cm 610 0 $aTeoria dell' Elasticità 676 $a531.3823 700 1$aBoley,$bBruno A.$042985 702 1$aWeiner,$bJerome H. 801 0$aIT$bUNINA$gRICA$2UNIMARC 901 $aBK 912 $a990000877580403321 952 $a03 TE.0,26$b2655$fIINTC 952 $aA 132$b875$fDINPA 959 $aIINTC 959 $aDINPA 996 $aTheory of thermal stresses$9355643 997 $aUNINA LEADER 01136nas 2200373-a 450 001 996202151003316 005 20240413012158.0 035 $a(CKB)954921397098 035 $a(CONSER)---83642834- 035 $a(EXLCZ)99954921397098 100 $a19830425b19832006 --- a 101 0 $aeng 181 $ctxt$2rdacontent 182 $cc$2rdamedia 183 $acr$2rdacarrier 200 00$aRobotics world 210 $a[Atlanta, GA] $cCommunication Channels$d[©1983- 215 $a1 online resource 300 $aTitle from cover. 300 $aPublished: Richmond, VA : Douglas Publications, 2003- 311 $aPrint version: Robotics world. (DLC) 83642834 (OCoLC)9444716 0737-7908 531 0 $aRob. world 606 $aRobots, Industrial$vPeriodicals 606 $aRobots, Industrial$2fast$3(OCoLC)fst01099080 608 $aPeriodicals.$2fast 608 $aPeriodicals.$2lcgft 615 0$aRobots, Industrial 615 7$aRobots, Industrial. 676 $a629.8/92/05 906 $aJOURNAL 912 $a996202151003316 920 $aexl_impl conversion 996 $aRobotics world$92322459 997 $aUNISA